000 00901nmm a2200289 a 4500
001 ocm0001703210
003 TR-IsHL
005 20201028170239.0
008 180120s2016 tu tur
007 cr cn
020 _a9786058311664
035 _a1703210
_b(N$T)
050 0 4 _aPL248.P58
_bL36 2016
090 0 4 _aPL248.P58
_bL36 2016
100 1 _aPişen, Emine
245 1 0 _aLanetli aşk
_h[electronic resource] /
_cEmine Pişen ; editör İsmail Zengin
250 _aBirinci basım
260 _aİstanbul :
_bMaşuk Kitap,
_c2016
300 _a318 p.
650 4 _aDil ve Edebiyat
650 4 _aLanguage and Literature
650 0 _aTürk romanı
650 0 _aTurkish fiction
650 7 _aLITERARY COLLECTIONS / Middle Eastern
_2bisacsh
700 1 _aZengin, İsmail
856 4 0 _uhttp://search.ebscohost.com/login.aspx?direct=true&scope=site&db=e011xww&AN=1703210
999 _c16169
_d16169